| 000 | 00647nam a2200205 a 4500 | ||
|---|---|---|---|
| 005 | 20210219145851.0 | ||
| 008 | 991125s1969 mx 000 0 spa u | ||
| 035 | _aUPN01000002603 | ||
| 049 | _aCG | ||
| 050 | 4 |
_aL227 G56 _bR5.2 |
|
| 100 | 1 | _aRivera Rodríguez, J. Ventura | |
| 245 | 1 | 0 |
_aAnálisis de la declaración de principios del SNTE / _cJ. Ventura Rivera Rodríguez. |
| 260 |
_aMéxico : _bSNTE, _c1969. |
||
| 300 | _a85 p. | ||
| 500 | _a"Edición conmemorativa" | ||
| 500 | _a"1941-1968 : 25 años de lucha sindical" | ||
| 500 | _aFotocopia | ||
| 610 | 2 | 4 | _aSINDICATO NACIONAL DE TRABAJADORES DE LA EDUCACION (MEXICO) |
| 905 | _aLibro | ||
| 999 |
_c2603 _d2603 |
||